| 000 | 00445nam a2200181Ia 4500 | ||
|---|---|---|---|
| 001 | 15782 | ||
| 005 | 20260306170221.0 | ||
| 008 | 260306t2015||||xx |||||||||||||| ||und|| | ||
| 041 | _aESP | ||
| 082 |
_a620.0042 _bV49 |
||
| 100 |
_aVergara, Margarita _eAUT |
||
| 245 | 0 | _aAntropometría aplicada al diseño de producto | |
| 260 | _c2015 | ||
| 300 |
_a136 páginas : _c30 cm. |
||
| 650 | _aGEN | ||
| 654 | _aCII | ||
| 942 |
_cLIB _dJUS _fJUS _2ddc _n |
||
| 999 |
_c15782 _d15782 |
||